Essentials of Management Information Systems (Record no. 347315)

000 -LEADER
fixed length control field 00326 a2200109 4500
090 ## - LOCALLY ASSIGNED LC-TYPE CALL NUMBER (OCLC); LOCAL CALL NUMBER (RLIN)
-- 4885
-- 4885
100 ## - MAIN ENTRY--PERSONAL NAME
Personal name Kenneth C. Laudon
245 ## - TITLE STATEMENT
Title Essentials of Management Information Systems
Remainder of title Transforming Business and Management
250 ## - EDITION STATEMENT
Edition statement 3rd Ed
260 ## - PUBLICATION, DISTRIBUTION, ETC.
Place of publication, distribution, etc. Prentice Hall
Name of publisher, distributor, etc. New Jersey
Date of publication, distribution, etc. 1999
942 ## - ADDED ENTRY ELEMENTS (KOHA)
Institution code [OBSOLETE] NBS
Koha item type Book
Call number prefix 658.4038 LAU
Holdings
Withdrawn status Lost status Damaged status Not for loan Permanent Location Current Location Date acquired Total Checkouts Full call number Barcode Date last seen Date last checked out Price effective from Koha item type
        Central Library (CL) Central Library (CL) 08/28/2013 2 658.4038 LAU NBS3538 10/18/2019 09/20/2019 08/28/2013 Book
        Central Library (CL) Central Library (CL) 08/28/2013   658.4038 LAU NBS3541 08/28/2013   08/28/2013 Book
        Central Library (CL) Central Library (CL) 08/28/2013   658.4038 LAU NBS3542 08/28/2013   08/28/2013 Book
        Central Library (CL) Central Library (CL) 08/28/2013 2 658.4038 LAU NBS3535 10/12/2017 10/05/2017 08/28/2013 Book
© 2023 Central Library, National University of Sciences and Technology. All Rights Reserved.